000 00514nam a2200193Ia 4500
008 240510s9999 xx 000 0 und d
020 _a0000262510847
041 _aEng
082 _a006.35
082 _bC53
100 _aALTMANN T.M. (ED.)
245 0 _aCOGNITIVE MODELS OF SPEECH PROCESSING: Psycholinguistic and Computational Perspectives
260 _bLONDON : MIT
260 _c1990
300 _a540 p.
650 _aCOMPUTATIONAL LINGUISTICS : SPEECH PROCESSING
942 _2ddc
942 _cRBK
999 _c25116
_d25116
945 _a1
_bMadushi Gamage
_c1
_dMadushi Gamage